[Event "It (open) (under 2000)"]
[Site "Benidorm (Spain)"]
[Date "2007.12.06"]
[Round "7"]
[White "Marcos Herrero Francisco (ESP)"]
[Black "Garcia Ruano Juan Carlos (ESP)"]
[Result "1-0"]
[WhiteElo "1940"]
[BlackElo "1990"]

1.e4 e6 2.d4 d5 3.Nd2 Nf6 4.e5 Nfd7 5.Bd3 c5 6.c3 Nc6 7.Ne2 Qb6 8.Nf3 cxd4
9.cxd4 f6 10.exf6 Nxf6 11.O-O Bd6 12.Bf4 Bxf4 13.Nxf4 Bd7 14.Re1 O-O-O 15.Nxe6
Bxe6 16.Rxe6 Qxb2 17.Bf5 Kc7 18.Rb1 Qxa2 19.Qc1 Ne4 20.Re7+ Kd6 21.Rexb7 Qxf2+
22.Kh1 g5 23.Qa3+ {#r} 1-0

[Event "Ch Europe (active)"]
[Site "Warsaw (Poland)"]
[Date "2007.12.15"]
[Round "2"]
[White "Kupczyk Edyta (POL)"]
[Black "Barua Dibyendu (IND)"]
[Result "0-1"]
[WhiteElo "2107"]
[BlackElo "2491"]

1.e4 e6 2.d4 d5 3.Nd2 Nf6 4.e5 Nfd7 5.Bd3 c5 6.c3 Nc6 7.Ne2 cxd4 8.cxd4 f6
9.exf6 Qxf6 10.Nf3 h6 11.O-O Bd6 12.Re1 O-O 13.Ng3 Rf7 14.Nh5 Qd8 15.Rxe6 Nf8
{#R} 0-1

[Event "Ch Europe (active)"]
[Site "Warsaw (Poland)"]
[Date "2007.12.15"]
[Round "8"]
[White "Sokolowski Krzysztof (POL)"]
[Black "Masternak Grzegorz (POL)"]
[Result "0-1"]
[WhiteElo "2060"]
[BlackElo "2351"]

1.e4 e6 2.d4 d5 3.Nd2 Nf6 4.e5 Nfd7 5.Bd3 c5 6.c3 Nc6 7.Ne2 cxd4 8.cxd4 f6
9.exf6 Nxf6 10.O-O Bd6 11.Nf3 Qc7 12.Nc3 a6 13.Bg5 O-O 14.Rc1 Qf7 15.Bb1 Qh5
16.Bh4 Ng4 17.Bg3 Bxg3 18.fxg3 Rxf3 19.Rxf3 Qxh2+ 20.Kf1 Qh1+ {#R} 0-1

[Event "Ch Europe (active)"]
[Site "Warsaw (Poland)"]
[Date "2007.12.15"]
[Round "8"]
[White "Warakomski Tomasz (POL)"]
[Black "Ganaus Hannes (AUT)"]
[Result "1-0"]
[WhiteElo "2498"]
[BlackElo "2294"]

1.e4 e6 2.d4 d5 3.Nd2 Nf6 4.e5 Nfd7 5.c3 c5 6.Bd3 Nc6 7.Ne2 cxd4 8.cxd4 f6
9.exf6 Nxf6 10.Nf3 Bd6 11.O-O Qc7 12.Bg5 O-O 13.Bh4 Nh5 14.Qc2 h6 15.Bh7+ Kh8
16.Bg6 Rxf3 17.Bxh5 Bxh2+ 18.Kh1 Rf8 19.f4 g5 20.fxg5 Rf5 21.gxh6 Bd7 22.Bf6+
Rxf6 23.Rxf6 {#r} 1-0

[Event "It (open)"]
[Site "Zurich (Switzerland)"]
[Date "2007.12.26"]
[Round "1"]
[White "Nemcova Katerina (CZE)"]
[Black "Hasenohr Benedict (SUI)"]
[Result "1-0"]
[WhiteElo "2255"]
[BlackElo "2050"]

1.e4 e6 2.d4 d5 3.Nd2 Nf6 4.e5 Nfd7 5.Bd3 c5 6.c3 Nc6 7.Ne2 cxd4 8.cxd4 Qb6
9.O-O Be7 10.Nf3 O-O 11.Nf4 Kh8 12.Bc2 Nb4 13.Bb1 f5 14.exf6 Nxf6 15.Ng5 Ne4
16.Nxe4 dxe4 17.Bxe4 Qb5 18.a3 Bd6 19.Qg4 Rf6 20.axb4 {#r} 1-0

[Event "It (open)"]
[Site "L'Hospitalet de Llobregat (Spain)"]
[Date "2008.01.05"]
[Round "9"]
[White "Murat Huertas Eduard (ESP)"]
[Black "Shatko Danil (ESP)"]
[Result "0-1"]
[WhiteElo "1880"]
[BlackElo "1926"]

1.e4 e6 2.d4 d5 3.Nd2 Nf6 4.e5 Nfd7 5.Bd3 c5 6.c3 Nc6 7.Ne2 Qb6 8.Nf3 cxd4
9.cxd4 Bb4+ 10.Kf1 f6 11.exf6 Nxf6 12.a3 Bd6 13.g3 O-O 14.b4 e5 15.dxe5 Nxe5
16.Be3 Bh3+ {#R} 0-1

[Event "Tournament (Elo)"]
[Site "Suwalki (Poland)"]
[Date "2008.01.21"]
[Round "1"]
[White "Zdancewicz Jaroslaw (POL)"]
[Black "Kalejta Arkadiusz (POL)"]
[Result "1-0"]
[WhiteElo "2056"]
[BlackElo "1622"]

1.e4 e6 2.d4 d5 3.Nd2 Nf6 4.e5 Nfd7 5.Bd3 c5 6.c3 Nc6 7.Ne2 Qb6 8.Nf3 cxd4
9.cxd4 f6 10.exf6 Nxf6 11.O-O Bd6 12.Nc3 O-O 13.Bb1 Bd7 14.a3 Na5 15.b4 Nc4
16.Qd3 Qc6 17.Ng5 h6 18.Nh7 Rf7 19.Qg6 Rc8 20.Bxh6 Ne8 21.Ng5 {#r} 1-0

[Event "Ch New Zealand"]
[Site "Auckland (New Zealand)"]
[Date "2008.01.23"]
[Round "11"]
[White "Spain Graeme (NZL)"]
[Black "Thornton Giovanni Antonio (NZL)"]
[Result "1-0"]
[WhiteElo "2218"]
[BlackElo "2140"]

1.e4 e6 2.d4 d5 3.Nd2 Nf6 4.e5 Nfd7 5.Bd3 c5 6.c3 Nc6 7.Ne2 cxd4 8.cxd4 f6
9.exf6 Nxf6 10.Nf3 Bd6 11.O-O O-O 12.Bf4 Ne4 13.Bxd6 Nxd6 14.Ne5 Qb6 15.Nxc6
bxc6 16.Qc2 g6 17.Rac1 Bd7 18.Bxg6 hxg6 19.Qxg6+ Kh8 20.Rc3 {#r} 1-0

[Event "It (open) (b)"]
[Site "Moscow (Russia)"]
[Date "2008.02.09"]
[Round "8"]
[White "Kopytov Ruslan (RUS)"]
[Black "Pozdeev Nikita (RUS)"]
[Result "1-0"]
[WhiteElo "2123"]
[BlackElo "1988"]

1.e4 e6 2.d4 d5 3.Nd2 Nf6 4.e5 Nfd7 5.c3 c5 6.Bd3 Nc6 7.Ne2 Qb6 8.O-O cxd4
9.cxd4 f6 10.exf6 Nxf6 11.Nf3 Bd6 12.Bf4 Bxf4 13.Nxf4 O-O 14.Qd2 Kh8 15.Bb1
Bd7 16.Re1 Rae8 17.b3 Nxd4 18.Nxd4 e5 19.Nde6 Bxe6 20.Rxe5 Ng4 21.Re2 Qd6
22.g3 Bd7 23.Rxe8 Bxe8 {#r} 1-0

[Event "Czech League 2007/08 (krajsky prebor)"]
[Site "Czech Republic"]
[Date "2008.02.10"]
[Round "7"]
[White "Hliva Tomas"]
[Black "Vymetal Milan (CZE)"]
[Result "0-1"]
[WhiteElo "1954"]
[BlackElo "1983"]

1.e4 e6 2.d4 d5 3.Nd2 Nf6 4.e5 Nfd7 5.Bd3 c5 6.c3 Nc6 7.Ne2 cxd4 8.cxd4 Qb6
9.Nf3 f6 10.exf6 Nxf6 11.O-O Bd6 12.b3 Bd7 13.Bg5 O-O 14.Bh4 e5 15.dxe5 Nxe5
16.Nxe5 Bxe5 17.Bxf6 Rxf6 18.Rc1 Raf8 19.Qe1 Rh6 20.Ng3 Qf6 21.h3 Bd4 22.Rc2
Qh4 23.Qa5 b5 24.Qc7 Bxh3 {#R} 0-1

[Event "It (open)"]
[Site "Cappelle la Grande (France)"]
[Date "2008.02.18"]
[Round "4"]
[White "Szylar Eric (FRA)"]
[Black "Boric Elena (BiH)"]
[Result "0-1"]
[WhiteElo "2086"]
[BlackElo "2292"]

1.e4 e6 2.d4 d5 3.Nd2 Nf6 4.e5 Nfd7 5.Bd3 c5 6.c3 Nc6 7.Ne2 cxd4 8.cxd4 f6
9.exf6 Nxf6 10.Nf3 Bd6 11.O-O Qc7 12.g3 O-O 13.Bf4 Bd7 14.Bxd6 Qxd6 15.Nf4 Ne4
16.Re1 Rxf4 17.gxf4 Qxf4 18.Bxe4 dxe4 19.Ne5 Nxe5 20.dxe5 Bc6 21.Qd4 Qg4+ {#R}
0-1

[Event "Ch Lithuania (1/2 final)"]
[Site "Vilnius (Lithuania)"]
[Date "2008.02.18"]
[Round "5"]
[White "Sarakauskas Gediminas (LTU)"]
[Black "Sakalauskas Vaidas (LTU)"]
[Result "1-0"]
[WhiteElo "2429"]
[BlackElo "2404"]

1.e4 e6 2.d4 d5 3.Nd2 Nf6 4.e5 Nfd7 5.Bd3 c5 6.c3 Nc6 7.Ne2 cxd4 8.cxd4 f6
9.exf6 Nxf6 10.O-O Bd6 11.Nf3 Qc7 12.Bg5 O-O 13.Rc1 Ng4 14.Ng3 Qb6 15.Be3 g6
16.Bc2 Bd7 17.Ng5 e5 18.Bb3 Nxe3 19.fxe3 Rxf1+ 20.Nxf1 exd4 21.Qf3 Nd8
22.Qxd5+ Kf8 23.Qg8+ {#r} 1-0

[Event "It (open) (b)"]
[Site "Bled (Slovenia)"]
[Date "2008.02.27"]
[Round "6"]
[White "Logar Metod (SLO)"]
[Black "Sivic Jernej (SLO)"]
[Result "0-1"]
[WhiteElo "2110"]
[BlackElo "1985"]

1.e4 e6 2.d4 d5 3.Nd2 Nf6 4.e5 Nfd7 5.Bd3 c5 6.c3 Nc6 7.Ne2 cxd4 8.cxd4 Qb6
9.Nf3 f6 10.exf6 Nxf6 11.O-O Bd6 12.Nc3 O-O 13.Bg5 h6 14.Bh4 Qxb2 15.Nb5 Bb8
16.a3 a6 17.Rb1 Qa2 18.Qa4 Nd7 19.Nc3 b5 20.Bxb5 axb5 21.Qxa8 Qc4 22.Nxb5 Nb6
23.Rfc1 Nxa8 24.Rxc4 dxc4 {#R} 0-1

[Event "Ch Lithuania (juniors) (under 18) (g)"]
[Site "Panevezys (Lithuania)"]
[Date "2008.03.07"]
[Round "3"]
[White "Balcaite Agne (LTU)"]
[Black "Paulauskaite Gintare (LTU)"]
[Result "0-1"]
[WhiteElo "1864"]
[BlackElo "2044"]

1.e4 e6 2.d4 d5 3.Nd2 Nf6 4.Bd3 c5 5.e5 Nfd7 6.c3 Nc6 7.Ne2 cxd4 8.cxd4 f6
9.exf6 Qxf6 10.Nf3 h6 11.O-O Bd6 12.Bb1 O-O 13.Ng3 Rd8 14.a3 Nf8 15.Re1 Bd7
16.Be3 Kh8 17.Qd2 Be8 18.Ne2 Bh5 19.Nf4 Bxf3 20.gxf3 Bxf4 21.Bxf4 Nxd4 22.Kg2
Nb3 {#R} 0-1

[Event "Ch France (team) (nat.1) 2007/08"]
[Site "France"]
[Date "2008.03.16"]
[Round "9"]
[White "Geenen Marc (BEL)"]
[Black "Almazan Jerome (FRA)"]
[Result "1-0"]
[WhiteElo "2316"]
[BlackElo "1923"]

1.e4 e6 2.d4 d5 3.Nd2 Nf6 4.e5 Nfd7 5.c3 c5 6.Bd3 Nc6 7.Ne2 cxd4 8.cxd4 Qb6
9.Nf3 f6 10.exf6 Nxf6 11.O-O Bd6 12.b3 O-O 13.Bf4 Bxf4 14.Nxf4 Ne4 15.g3 Nxd4
16.Bxe4 Nxf3+ 17.Bxf3 {#r} 1-0

[Event "Ch Austria (juniors) (under 16)"]
[Site "Imst (Austria)"]
[Date "2008.03.19"]
[Round "5"]
[White "Schnegg Martin (AUT)"]
[Black "Riemelmoser Stefan (AUT)"]
[Result "1-0"]
[WhiteElo "2062"]
[BlackElo "2104"]

1.e4 e6 2.d4 d5 3.Nd2 Nf6 4.e5 Nfd7 5.Bd3 c5 6.c3 Nc6 7.Ne2 Qb6 8.Nf3 cxd4
9.cxd4 f6 10.exf6 Nxf6 11.O-O Bd6 12.a3 O-O 13.Qc2 Bd7 14.Bg5 h6 15.Be3 Rac8
16.Qb1 Qc7 17.h3 Nh5 18.Nh4 Be8 19.Nc3 Qe7 20.g3 Rf3 21.Nxf3 {#r} 1-0

[Event "Czech League 2007/08 (2nd) (f)"]
[Site "Czech Republic"]
[Date "2008.04.07"]
[Round "11"]
[White "Holeksa Zdenek (CZE)"]
[Black "Parak Dominik (CZE)"]
[Result "1-0"]
[WhiteElo "2175"]
[BlackElo "2162"]

1.e4 e6 2.d4 d5 3.Nd2 Nf6 4.e5 Nfd7 5.Bd3 c5 6.c3 Nc6 7.Ne2 Qb6 8.Nf3 cxd4
9.cxd4 f6 10.exf6 Nxf6 11.O-O Bd6 12.Bf4 Bxf4 13.Nxf4 O-O 14.Re1 Qxb2 15.Re3
Ne4 16.Bxe4 Rxf4 17.Rb3 {#r} 1-0

[Event "Tournament (Elo) (c)"]
[Site "Warsaw (Poland)"]
[Date "2008.05.07"]
[Round "6"]
[White "Rozowski Marcin (POL)"]
[Black "Koziol Pawel (POL)"]
[Result "0-1"]
[WhiteElo "1821"]
[BlackElo "1829"]

1.e4 e6 2.d4 d5 3.Nd2 Nf6 4.e5 Nfd7 5.Bd3 c5 6.c3 Nc6 7.Ne2 Qb6 8.Nf3 cxd4
9.cxd4 f6 10.exf6 Nxf6 11.O-O Bd6 12.Re1 O-O 13.a3 e5 14.dxe5 Nxe5 15.Nc3
Nxf3+ 16.gxf3 Ng4 17.Be3 Bxh2+ 18.Kg2 Nxe3+ 19.Rxe3 d4 20.Nd5 Qh6 21.Re4 Qh3+
{#R} 0-1

[Event "Memorial R.Nezhmetdinov (open)"]
[Site "Kazan (Russia)"]
[Date "2008.06.05"]
[Round "5"]
[White "Zubaidullin Rustam (RUS)"]
[Black "Belsky Artyom (RUS)"]
[Result "0-1"]
[WhiteElo "1800"]
[BlackElo "1513"]

1.e4 e6 2.d4 d5 3.Nd2 Nf6 4.e5 Nfd7 5.Bd3 c5 6.c3 Nc6 7.Ne2 Qb6 8.Nf3 cxd4
9.cxd4 f6 10.exf6 Nxf6 11.O-O Bd6 12.Nf4 O-O 13.b3 Kh8 14.Ne2 e5 15.dxe5 Nxe5
16.Ned4 Bg4 17.h3 Nxf3+ 18.Nxf3 Bxf3 19.Qxf3 Ne4 20.Qe3 Bc5 21.Qe2 Nxf2 22.Be3
Bxe3 23.Rxf2 Rxf2 24.Qh5 Rf5+ {#R} 0-1

[Event "Memorial R.Nezhmetdinov (open)"]
[Site "Kazan (Russia)"]
[Date "2008.06.07"]
[Round "7"]
[White "Vokarev Sergey (RUS)"]
[Black "Rychagov Andrey (RUS)"]
[Result "0-1"]
[WhiteElo "2542"]
[BlackElo "2515"]

1.e4 e6 2.d4 d5 3.Nd2 Nf6 4.e5 Nfd7 5.Bd3 c5 6.c3 Nc6 7.Ne2 cxd4 8.cxd4 f6
9.exf6 Nxf6 10.O-O Bd6 11.Nf3 Qc7 12.Nc3 a6 13.Bg5 O-O 14.Re1 Ng4 15.h4 Bh2+
16.Kf1 Nxf2 17.Kxf2 Qg3+ 18.Kf1 e5 19.Be4 Bh3 20.Bxd5+ Kh8 21.Re2 Nxd4 22.Rf2
Nxf3 23.gxh3 Nd4 {#R} 0-1

[Event "It (open)"]
[Site "Condom (France)"]
[Round "4"]
[White "Borsos Bogdan (UKR)"]
[Black "Vaillant Stephane (FRA)"]
[Result "1-0"]
[WhiteElo "2363"]
[BlackElo "1985"]

1.e4 e6 2.d4 d5 3.Nd2 Nf6 4.e5 Nfd7 5.Bd3 c5 6.c3 Nc6 7.Ne2 Qb6 8.Nf3 cxd4
9.cxd4 f6 10.exf6 Nxf6 11.O-O Bd6 12.Bf4 Bxf4 13.Nxf4 Qxb2 14.Rb1 Qa3 15.Re1
O-O 16.Ng5 Nd8 17.Qc2 Ne4 18.Bxe4 Rxf4 19.Bxh7+ Kf8 20.Qc7 {#r} 1-0

[Event "Cup V.Dvorkovich (juniors) (team)"]
[Site "Moscow (Russia)"]
[Round "1"]
[White "Kulon Klaudia (POL)"]
[Black "Bluebaum Johanna (GER)"]
[Result "1-0"]
[WhiteElo "2228"]
[BlackElo "1902"]

1.e4 e6 2.d4 d5 3.Nd2 Nf6 4.e5 Nfd7 5.c3 c5 6.Bd3 Nc6 7.Ne2 Qb6 8.Nf3 cxd4
9.cxd4 Be7 10.O-O f6 11.exf6 Nxf6 12.Re1 O-O 13.Nf4 Re8 14.a3 Bd6 15.b4 e5
16.dxe5 Nxe5 17.Be3 Nxf3+ 18.Qxf3 d4 19.Nd5 Nxd5 20.Bxd4 Rxe1+ 21.Rxe1 Qd8
22.Qxd5+ Kh8 23.Qxd6 {#r} 1-0

[Event "It (cat.4)"]
[Site "Villa Martelli (Argentina)"]
[Date "2008.07.22"]
[Round "8"]
[White "Real De Azua Ernesto (ARG)"]
[Black "Ibar Marcelo (ARG)"]
[Result "1-0"]
[WhiteElo "2413"]
[BlackElo "2268"]

1.d4 e6 2.e4 d5 3.Nd2 Nf6 4.e5 Nfd7 5.Bd3 c5 6.c3 Nc6 7.Ne2 cxd4 8.cxd4 f6
9.Nf4 Qe7 10.Nf3 fxe5 11.dxe5 Ndxe5 12.Nxe5 Nxe5 13.Qh5+ Nf7 14.O-O g6 15.Qe2
Bg7 16.Bb5+ Kf8 17.Bd2 a6 18.Nxd5 Qd8 19.Bb4+ Nd6 20.Rad1 Kg8 21.Bc4 b5
22.Bxd6 bxc4 23.Ne7+ Kf7 24.Qf3+ {#r} 1-0

[Event "It (open)"]
[Site "Feffernitz (Austria)"]
[Date "2008.08.17"]
[Round "1"]
[White "Kersic Matej (SLO)"]
[Black "Krassnitzer Franz (AUT)"]
[Result "1-0"]
[WhiteElo "2156"]
[BlackElo "1544"]

1.e4 e6 2.d4 d5 3.Nd2 Nf6 4.e5 Nfd7 5.Bd3 c5 6.c3 cxd4 7.cxd4 Nc6 8.Ne2 Qb6
9.Nf3 Bb4+ 10.Kf1 h6 11.h4 Be7 12.Rh3 f6 13.Bg6+ Kf8 14.Nf4 Nd8 15.Bh5 fxe5
16.Ng6+ {#r} 1-0

[Event "It (open)"]
[Site "Porto San Giorgio (Italy)"]
[Date "2008.08.21"]
[Round "1"]
[White "Tomescu Vlad (ROM)"]
[Black "Allegranti Luca (ITA)"]
[Result "1-0"]
[WhiteElo "2424"]
[BlackElo "2030"]

1.e4 e6 2.d4 d5 3.Nd2 Nf6 4.e5 Nfd7 5.Bd3 c5 6.c3 Nc6 7.Ne2 cxd4 8.cxd4 f6
9.exf6 Nxf6 10.Nf3 Bd6 11.O-O O-O 12.Nc3 Qe8 13.h3 e5 14.Nxd5 Nxd4 15.Nxd4
exd4 16.Bc4 Kh8 17.Qxd4 Qh5 18.Nf4 Bc5 19.Qxf6 {#r} 1-0

[Event "It (open) (b)"]
[Site "Polanica Zdroj (Poland)"]
[Date "2008.08.26"]
[Round "8"]
[White "Budzinski Jan (POL)"]
[Black "Kaniak Monika (POL)"]
[Result "0-1"]
[WhiteElo "1869"]
[BlackElo "1911"]

1.e4 e6 2.d4 d5 3.Nd2 Nf6 4.e5 Nfd7 5.Bd3 c5 6.c3 Nc6 7.Ne2 cxd4 8.cxd4 f6
9.exf6 Nxf6 10.Nf3 Bd6 11.O-O Qc7 12.g3 O-O 13.Re1 Bd7 14.Nf4 Rae8 15.Bb1 Kh8
16.Ng5 e5 17.dxe5 Nxe5 18.Bd2 Bg4 19.f3 Nxf3+ 20.Nxf3 Rxe1+ 21.Qxe1 Bxf3
22.Ne6 Qb6+ 23.Be3 Qxb2 24.Qf2 Qxa1 {#R} 0-1

[Event "It (cat.9)"]
[Site "Kuala Lumpur (Malaysia)"]
[Date "2008.09.01"]
[Round "7"]
[White "Sermek Drazen (CRO)"]
[Black "Zhang Xiaowen (CHN)"]
[Result "1-0"]
[WhiteElo "2535"]
[BlackElo "2357"]

1.e4 e6 2.d4 d5 3.Nd2 Nf6 4.Bd3 c5 5.e5 Nfd7 6.c3 Nc6 7.Ne2 cxd4 8.cxd4 f6
9.exf6 Nxf6 10.O-O Bd6 11.Nf3 Qc7 12.Bd2 O-O 13.Rc1 Ng4 14.Ng3 Qb6 15.Bxh7+
Kxh7 16.Ng5+ Kg8 17.Qxg4 Bxg3 18.Qh5 Bxf2+ 19.Rxf2 Rxf2 20.Kxf2 Qxd4+ 21.Be3
Qf6+ 22.Kg1 {#r} 1-0

[Event "It (open)"]
[Site "Crema (Italy)"]
[Date "2008.09.07"]
[Round "6"]
[White "Tagliaferri Valerio (ITA)"]
[Black "Brugo Marco (ITA)"]
[Result "0-1"]
[WhiteElo "1914"]
[BlackElo "2152"]

1.e4 e6 2.d4 d5 3.Nd2 Nf6 4.e5 Nfd7 5.Bd3 c5 6.c3 Nc6 7.Ne2 cxd4 8.cxd4 f6
9.exf6 Nxf6 10.Nf3 Bd6 11.O-O O-O 12.Bg5 Bd7 13.Rc1 Qb6 14.Qd2 e5 15.dxe5 Nxe5
16.Nxe5 Bxe5 17.b3 Ng4 18.Ng3 Bd4 19.Nh1 Qd6 20.Ng3 Bxf2+ 21.Kh1 h6 22.Bh4 Be3
23.Qe2 Bxc1 24.Be7 Rxf1+ {#R} 0-1

[Event "It (cat.4)"]
[Site "Canovelles (Spain)"]
[Date "2008.09.14"]
[Round "2"]
[White "Garcia Jimenez Fransisco J (ESP)"]
[Black "Fernandez Aguado Enrique (ESP)"]
[Result "0-1"]
[WhiteElo "2220"]
[BlackElo "2298"]

1.e4 e6 2.d4 d5 3.Nd2 Nf6 4.Bd3 c5 5.e5 Nfd7 6.c3 Nc6 7.Ne2 cxd4 8.cxd4 f6
9.exf6 Nxf6 10.O-O Bd6 11.Nf3 O-O 12.Re1 e5 13.dxe5 Nxe5 14.Nxe5 Bxe5 15.h3
Bxh3 16.gxh3 Ng4 17.Nf4 Bxf4 18.Qxg4 Bxc1 19.Raxc1 Rf7 20.Bb5 h5 21.Qxh5 Qb6
22.Qe2 Raf8 23.Rf1 a6 24.Bd7 Rxd7 {#R} 0-1

[Event "It (open) (b)"]
[Site "Zvenigorod (Russia)"]
[Date "2008.09.25"]
[Round "1"]
[White "Pospelov Sergey (RUS)"]
[Black "Kovtunenko Alexandr (RUS)"]
[Result "0-1"]
[WhiteElo "2039"]
[BlackElo "2314"]

1.e4 e6 2.d4 d5 3.Nd2 Nf6 4.e5 Nfd7 5.Bd3 c5 6.c3 Nc6 7.Ne2 cxd4 8.cxd4 f6
9.exf6 Nxf6 10.O-O Bd6 11.Nf3 O-O 12.Bf4 Bxf4 13.Nxf4 Ne4 14.Ne2 Rxf3 15.gxf3
Ng5 16.Ng3 Nxd4 17.Be2 e5 18.Kh1 Nh3 19.f4 Nxf4 20.Bg4 Qh4 21.Bxc8 Rxc8 22.Rc1
Rxc1 23.Qxc1 Qh3 {#R} 0-1

[Event "Extraliga 2008/09 (juniors)"]
[Site "Czech Republic"]
[Date "2008.10.05"]
[Round "0"]
[White "Ta Van Duy Ivan"]
[Black "Johnova Eliska"]
[Result "0-1"]
[WhiteElo "1680"]
[BlackElo "1720"]

1.e4 e6 2.d4 d5 3.Nd2 Nf6 4.e5 Nfd7 5.Bd3 c5 6.c3 Nc6 7.Ne2 cxd4 8.cxd4 f6
9.exf6 Qxf6 10.Nf3 Bb4+ 11.Nc3 h6 12.O-O O-O 13.a3 Bxc3 14.bxc3 e5 15.Qb3 Nb6
16.Re1 exd4 17.cxd4 Nxd4 18.Nxd4 Qxf2+ {#R} 0-1

[Event "Ch Greece (juniors) (team)"]
[Site "Halkida (Greece)"]
[Date "2008.10.11"]
[Round "2"]
[White "Michelakos Panagiotis (GRE)"]
[Black "Tsakiris Haralambos (GRE)"]
[Result "1-0"]
[WhiteElo "1997"]
[BlackElo "1722"]

1.e4 e6 2.d4 d5 3.Nd2 Nf6 4.e5 Nfd7 5.Bd3 c5 6.c3 Nc6 7.Ne2 cxd4 8.cxd4 Qb6
9.Nf3 f6 10.exf6 Nxf6 11.O-O Bd6 12.Bf4 Bxf4 13.Nxf4 O-O 14.b3 Bd7 15.Rc1 Rac8
16.Bb1 Ne4 17.g3 Nb4 18.Rxc8 Rxc8 19.Ne5 Qd6 20.Qh5 Nf6 21.Bxh7+ {#r} 1-0

[Event "It (open)"]
[Site "Hoogeveen (Netherlands)"]
[Date "2008.10.24"]
[Round "8"]
[White "Humphrey Jonathan (AUS)"]
[Black "Wempe Joost (NED)"]
[Result "0-1"]
[WhiteElo "2330"]
[BlackElo "2291"]

1.e4 e6 2.d4 d5 3.Nd2 Nf6 4.e5 Nfd7 5.c3 c5 6.Bd3 Nc6 7.Ne2 cxd4 8.cxd4 f6
9.exf6 Nxf6 10.O-O Bd6 11.Nf3 Qc7 12.Bg5 O-O 13.Rc1 Bd7 14.Ng3 Qb6 15.Qd2 e5
16.dxe5 Nxe5 17.Nxe5 Bxe5 18.Be3 d4 19.Bg5 Rae8 20.Qc2 Kh8 21.Ne4 Nxe4 22.Bxe4
Bb5 23.Rfd1 d3 24.Qd2 Rxf2 {#R} 0-1

[Event "Ch Nassau"]
[Site "Mineola (USA)"]
[Date "2008.10.27"]
[Round "2"]
[White "Felber Joseph J (USA)"]
[Black "Weser Adam (USA)"]
[Result "1-0"]
[WhiteElo "2061"]
[BlackElo "2107"]

1.e4 e6 2.d4 d5 3.Nd2 Nf6 4.Bd3 c5 5.e5 Nfd7 6.c3 cxd4 7.cxd4 Nc6 8.Ne2 f6
9.exf6 Nxf6 10.Nf3 Qc7 11.O-O Bd6 12.Bg5 O-O 13.Rc1 Ng4 14.Ng3 h6 15.Bd2 Qe7
16.Qe2 e5 17.dxe5 Ncxe5 18.Nxe5 Qxe5 19.Rxc8 Raxc8 20.Qxg4 Bc5 21.Nf5 Rc6
22.Nxh6+ Kh8 23.Nf5 {#r} 1-0

[Event "Ch Slovenia (team) (1 league) West"]
[Site "Ljubljana (Slovenia)"]
[Date "2008.11.15"]
[Round "4"]
[White "Skok Joze (SLO)"]
[Black "Vospernik Andrej (SLO)"]
[Result "1-0"]
[WhiteElo "2031"]
[BlackElo "2182"]

1.e4 e6 2.d4 d5 3.Nd2 Nf6 4.e5 Nfd7 5.Bd3 c5 6.c3 Nc6 7.Ne2 Qb6 8.Nf3 cxd4
9.cxd4 Bb4+ 10.Kf1 f6 11.exf6 Nxf6 12.a3 Bd6 13.b4 Bd7 14.Bf4 Bxf4 15.Nxf4
O-O-O 16.Qc2 Kb8 17.Qc5 Qxc5 18.bxc5 Nxd4 19.Nxd4 e5 20.c6 bxc6 21.Rb1+ Ka8
22.Nfe6 Rc8 23.Ba6 {#r} 1-0

[Event "It (cat.2)"]
[Site "Richardson (USA)"]
[Date "2008.11.27"]
[Round "3"]
[White "Schneider Igor (USA)"]
[Black "Vaidya C N (IND)"]
[Result "1-0"]
[WhiteElo "2397"]
[BlackElo "2170"]

1.e4 e6 2.d4 d5 3.Nd2 Nf6 4.e5 Nfd7 5.Bd3 c5 6.c3 Nc6 7.Ne2 cxd4 8.cxd4 f6
9.Nf4 Nxd4 10.Qh5+ Ke7 11.Ng6+ hxg6 12.exf6+ Nxf6 13.Qxh8 Kf7 14.O-O e5 15.Nb3
Nxb3 16.axb3 Bf5 17.Bxf5 gxf5 18.Bg5 Qb6 19.Qh3 g6 20.Bxf6 Kxf6 21.Qh8+ {#r}
1-0

[Event "Sub-zt"]
[Site "San Andres (Colombia)"]
[Date "2008.11.30"]
[Round "9"]
[White "Gallego Andres (COL)"]
[Black "Saladen Rafael (COL)"]
[Result "0-1"]
[WhiteElo "2365"]
[BlackElo "2187"]

1.e4 e6 2.d4 d5 3.Nd2 Nf6 4.e5 Nfd7 5.Bd3 c5 6.c3 Nc6 7.Ne2 cxd4 8.cxd4 f6
9.exf6 Qxf6 10.Nf3 Bb4+ 11.Bd2 O-O 12.Bxb4 Nxb4 13.O-O e5 14.dxe5 Nxe5 15.Nxe5
Qxe5 16.Nd4 Rf4 17.Ne2 Bg4 18.Re1 Rxf2 {#R} 0-1

[Event "Ch Chess Club"]
[Site "Norrkoeping (Sweden)"]
[Date "2008.12.01"]
[Round "8"]
[White "Stenman Christoffer (SWE)"]
[Black "Ask Josef (SWE)"]
[Result "0-1"]
[WhiteElo "1808"]
[BlackElo "2225"]

1.e4 e6 2.d4 d5 3.Nd2 Nf6 4.e5 Nfd7 5.Bd3 c5 6.c3 Nc6 7.Ne2 cxd4 8.cxd4 f6
9.exf6 Nxf6 10.O-O Bd6 11.Nf3 Qc7 12.g3 O-O 13.Bf4 Ne4 14.Bxe4 dxe4 15.Bxd6
Qxd6 16.Ng5 Qd5 17.h4 e5 18.dxe5 Qxd1 19.Raxd1 Bg4 20.Rfe1 Nxe5 21.Nxe4 Nf3+
22.Kf1 Bh3# 0-1

[Event "It (open)"]
[Site "Aschach (Austria)"]
[Date "2008.12.26"]
[Round "1"]
[White "Maringer Walter (AUT)"]
[Black "Hertneck Gerald (GER)"]
[Result "0-1"]
[WhiteElo "2102"]
[BlackElo "2519"]

1.e4 e6 2.d4 d5 3.Nd2 Nf6 4.e5 Nfd7 5.Bd3 c5 6.c3 Nc6 7.Ne2 cxd4 8.cxd4 f6
9.exf6 Qxf6 10.Nf3 h6 11.h4 Bd6 12.Bb1 Nb6 13.Qd3 Bd7 14.Qg6+ Kd8 15.Bf4 Bxf4
16.Qxf6+ gxf6 17.Nxf4 e5 18.Ng6 Re8 19.dxe5 fxe5 20.h5 e4 21.Nd2 Nd4 22.Nb3
Rc8 {#R} 0-1

[Event "Ch Germany (juniors) (club) (under 16)"]
[Site "Bingen (Germany)"]
[Date "2008.12.28"]
[Round "3"]
[White "Geske Julian (GER)"]
[Black "Oltmanns Ingmar (GER)"]
[Result "1-0"]
[WhiteElo "2229"]
[BlackElo "1929"]

1.e4 e6 2.d4 d5 3.Nd2 Nf6 4.e5 Nfd7 5.c3 c5 6.Bd3 Nc6 7.Ne2 Qb6 8.Nf3 cxd4
9.cxd4 Be7 10.O-O O-O 11.b3 f5 12.exf6 Nxf6 13.Re1 e5 14.dxe5 Ng4 15.Rf1 Bc5
16.Nf4 Nxf2 17.Bxh7+ Kxh7 18.Ng5+ {#r} 1-0